|
|
|
|
| LEADER |
00000ckm a2200000 a 4500 |
| 001 |
vtls001206307 |
| 003 |
SK-MaSNL |
| 005 |
20260331202737.0 |
| 007 |
kf co |
| 008 |
180703s1988 xo g 0kuslo |
| 015 |
|
|
|a SNBG1988
|
| 035 |
|
|
|a SNK000149377
|
| 040 |
|
|
|a SNK
|b slo
|c SNK
|e AACR2
|
| 041 |
0 |
|
|a slo
|
| 043 |
|
|
|a e-xo---
|
| 044 |
|
|
|a xo
|c SK
|
| 072 |
|
7 |
|a 913
|x Regionálna geografia
|2 konspekt
|
| 080 |
|
|
|a 913(437.6)
|2 2011
|
| 080 |
|
|
|a 791.7
|2 2011
|
| 080 |
|
|
|a 725.84
|2 2011
|
| 080 |
|
|
|a 725.1:613.47-026.911
|2 2011
|
| 080 |
|
|
|a 725.1:613.47-026.651
|2 2011
|
| 080 |
|
|
|a 712.256-053.2
|2 2011
|
| 080 |
|
|
|a (084.121)
|2 2011
|
| 080 |
|
|
|a 711.455
|2 2011
|
| 080 |
|
|
|a 640.43
|2 2011
|
| 100 |
1 |
|
|a Šmátrala, Milan
|c (fotograf)
|4 pht
|9 164919
|
| 245 |
1 |
0 |
|a Čalovo
|h grafika
|c foto: M. Šmátrala ; výtvarný návrh: J. Býma
|
| 260 |
|
|
|a Bratislava
|b ČSTK-Pressfoto
|c 1988
|e Skalica
|f Grafobal
|
| 300 |
|
|
|a 1 pohľadnica (4 čiastkové pohľady)
|b farebná
|c 11 x 15 cm
|
| 500 |
|
|
|a Na adresnej časti uvedené: "Termálne kúpalisko v okrese Dunajská Streda s celoročnou prevádzkou. V areáli je aj krytý bazén"
|
| 500 |
|
|
|a Názvové údaje prevzaté z obrazovej časti pohľadnice
|
| 520 |
8 |
|
|a Zobrazenie: Štyri čiastkové pohľady, každý v bielom orámovaní, všetky spolu na striebornom podklade. Uprostred je vodorovne strieborným písmom názov na bielom podklade. Pohľad na veľký bazén v popredí, plný ľudí. Vľavo sú za ním tri poschodové rekreačné budovy. Pohľad na bazén, v ktorom sedia ľudia na lavičkách. Vpravo sú tri rôzne budovy. Vľavo za bazénom vidno ďalších ľudí na trávnatej ploche. Vpravo v popredí sú v sprche pred vstupom do bazéna muž a žena, obaja v plavkách. Pohľad na detské pieskovisko, za ním je škýmačka, na ktorej sú ďalšie tri deti. Vpravo v pazadí sa slnia ľudia na trávnatej ploche. Vľavo za ním je chodník a za ním je množstvo ďalších ľudí na trávnatej ploche. Vľavo sú v pozadí nízke búdky. Vpravo v pozadí sú tri poschodové rekreačné budovy. Vľavo v pozadí sú husté a vysoké listnaté stromy. Pohľad na budovu reštauráciu. Pred ňou parkujú na okraji cesty tri osobné autá. V popredí je trávnatá plocha, na nej sú kríky. Vpravo sú v pozadí dve vysoké pouličné lampy. Vpravo hore je vidno pár listov stromu
|
| 650 |
0 |
7 |
|a rekreačné oblasti
|2 SNKPH
|9 69057
|
| 650 |
0 |
7 |
|a bazény
|2 SNKPH
|9 30214
|
| 650 |
0 |
7 |
|a detské ihriská
|2 SNKPH
|9 73875
|
| 650 |
0 |
7 |
|a reštaurácie
|2 SNKPH
|9 23080
|
| 650 |
0 |
7 |
|a šmýkačky
|2 SNKPH
|9 124100
|
| 650 |
0 |
7 |
|a rekreačné zariadenia
|2 SNKPH
|9 3012
|
| 651 |
|
7 |
|a Veľký Meder (Slovensko)
|2 SNKPHgeo
|9 19224
|
| 655 |
|
7 |
|a miestne pohľadnice
|2 SNKPH
|9 70510
|
| 700 |
1 |
|
|a Býma, J.
|c (grafik)
|4 art
|9 283282
|
| 958 |
|
|
|a GBN
|
| 958 |
|
|
|a GC
|
| 958 |
|
|
|a OND
|
| 999 |
|
|
|c 968489
|d 970419
|
| 952 |
|
|
|a SNK
|b SNK
|y PREZ
|7 0
|p 17A1291186
|o snkSP 141718
|i snk923/90
|0 0
|1 0
|4 0
|d 2021-11-04
|f 1
|l 0
|r 2026-02-24 10:43:06
|w 2026-02-24
|
| 952 |
|
|
|a SNK
|b SNK
|y PREZ
|7 0
|p 17A1291187
|o snkSP 141718 D1
|i snk924/90
|0 0
|1 0
|4 0
|d 2021-11-04
|l 0
|r 2026-02-24 10:43:06
|w 2026-02-24
|